00423nam a2200181Ia 45000030006000000050017000060080041000230200018000640400009000820410012000910820021001031000019001242450031001432600035001743000008002095050012002176500012002290Nust20170105110252.0161124s9999 xx 000 0 und d a1-86152-640-7 cIGIS aEnglish a338.4791 20bPAG aPage J.Stephen aTourism A Modern Synthesis aCanadabThomson Learningc2001 a475 aTourism aTourism